[Event "Luxembourg-chT 1415"]
[Site "Luxembourg"]
[Date "2014.11.09"]
[Round "?"]
[White "Masquelier, Quentin"]
[Black "Meisch, Tanguy"]
[Result "0-1"]
[WhiteElo "1819"]
[BlackElo "1776"]
[PlyCount "74"]
[EventDate "2014.10.05"]
[EventType "team-tourn"]
[EventRounds "10"]
[EventCountry "LUX"]
[SourceTitle "EXT 2017"]
[Source "ChessBase"]
[SourceDate "2016.10.25"]
[SourceVersion "1"]
[SourceVersionDate "2016.10.25"]
[SourceQuality "1"]

1. Nf3 e6 2. d4 Nf6 3. e3 c5 4. c3 b6 5. Bd3 Ba6 6. Bxa6 Nxa6 7. Qe2 Nb8 8. Nbd2 d5 9. 0-0 Nc6 10. Re1 Bd6 11. dxc5 Bxc5 12. e4 0-0 13. h3 Qc7 14. exd5 Nxd5 15. Ne4 Be7 16. Bg5 Rfd8 17. Rad1 h6 18. Bc1 Nf6 19. a3 Rxd1 20. Rxd1 Rd8 21. Nxf6+ Bxf6 22. Be3 Na5 23. Bd4 e5 24. Be3 Rxd1+ 25. Qxd1 Nc4 26. Bc1 e4 27. Nd4 Ne5 28. Bf4 Qc4 29. Bxe5 Bxe5 30. Qe2 Qxe2 31. Nxe2 f5 32. g3 Kf7 33. Kg2 Ke6 34. f3 Kd5 35. b3 b5 36. Kf2 Bd6 37. Nd4 Bc5 0-1

[Event "Wch U18"]
[Site "Al Ain"]
[Date "2013.12.23"]
[Round "9"]
[White "Madi, Aslan"]
[Black "Meisch, Tanguy"]
[Result "1-0"]
[WhiteElo "2099"]
[BlackElo "1810"]
[PlyCount "51"]
[EventDate "2013.12.18"]
[EventType "swiss"]
[EventRounds "11"]
[EventCountry "UAE"]
[SourceTitle "CBM 158 Extra"]
[Source "ChessBase"]
[SourceDate "2014.02.28"]
[SourceVersion "1"]
[SourceVersionDate "2014.02.28"]
[SourceQuality "1"]

1. e4 e5 2. Nf3 Nc6 3. Bc4 Bc5 4. c3 Nf6 5. d3 d5 6. exd5 Nxd5 7. 0-0 0-0 8. Bb3 Bg4 9. h3 Bh5 10. Nbd2 Nf4 11. Ne4 Nxd3 12. Bc4 Nxc1 13. Nxc5 Qxd1 14. Rxd1 Bxf3 15. gxf3 Na5 16. Bf1 Nxa2 17. Rxa2 b6 18. Ne4 f5 19. Ng5 Rf6 20. b4 Rg6 21. bxa5 Rxg5+ 22. Kh2 Rg6 23. Bc4+ Kh8 24. Rd7 bxa5 25. Rxa5 h5 26. Rxe5 1-0

[Event "Wch U18"]
[Site "Al Ain"]
[Date "2013.12.22"]
[Round "6"]
[White "Pon, Matt"]
[Black "Meisch, Tanguy"]
[Result "1-0"]
[WhiteElo "2006"]
[BlackElo "1810"]
[PlyCount "43"]
[EventDate "2013.12.18"]
[EventType "swiss"]
[EventRounds "11"]
[EventCountry "UAE"]
[SourceTitle "CBM 158 Extra"]
[Source "ChessBase"]
[SourceDate "2014.02.28"]
[SourceVersion "1"]
[SourceVersionDate "2014.02.28"]
[SourceQuality "1"]

1. d4 e6 2. c4 Nf6 3. Nf3 c5 4. d5 exd5 5. cxd5 d6 6. Nc3 g6 7. Bf4 a6 8. a4 Bg7 9. h3 0-0 10. e3 Bf5 11. Nd2 Qc7 12. Be2 Nfd7 13. e4 g5 14. Bxg5 Bg6 15. 0-0 f5 16. exf5 Rxf5 17. Be3 Ne5 18. f4 Ned7 19. Bg4 Rf8 20. Be6+ Bf7 21. Nde4 h6 22. f5 1-0

[Event "Luxembourg-chT 1213"]
[Site "Luxembourg"]
[Date "2013.04.10"]
[Round "8"]
[White "Meisch, Tanguy"]
[Black "Kaber, Claude"]
[Result "1-0"]
[WhiteElo "1776"]
[BlackElo "2134"]
[PlyCount "55"]
[EventDate "2012.10.??"]
[EventType "team-tourn"]
[EventRounds "10"]
[EventCountry "LUX"]
[SourceTitle "EXT 2017"]
[Source "ChessBase"]
[SourceDate "2016.10.25"]
[SourceVersion "1"]
[SourceVersionDate "2016.10.25"]
[SourceQuality "1"]

1. e4 c5 2. c3 d5 3. exd5 Qxd5 4. d4 Nc6 5. dxc5 Qxd1+ 6. Kxd1 Bf5 7. Be3 0-0-0+ 8. Nd2 Nf6 9. Ngf3 Ng4 10. Bb5 e5 11. b4 Be7 12. Ke2 Nxe3 13. fxe3 f6 14. Rhd1 e4 15. Bxc6 bxc6 16. Nd4 Bg4+ 17. Kf2 Bxd1 18. Rxd1 Kb7 19. Nc4 Rd7 20. Na5+ Kc8 21. Naxc6 Bd8 22. Rb1 Re8 23. Rb3 a6 24. c4 f5 25. Ra3 f4 26. Rxa6 fxe3+ 27. Kxe3 Rc7 28. Ra8+ 1-0

[Event "Blagny op 4th"]
[Site "Blagny"]
[Date "2012.04.09"]
[Round "6.6"]
[White "Dhieux, Franky"]
[Black "Meisch, Tanguy"]
[Result "1/2-1/2"]
[WhiteElo "2034"]
[BlackElo "1707"]
[PlyCount "34"]
[EventDate "2012.03.??"]
[EventType "swiss"]
[EventRounds "6"]
[EventCountry "FRA"]
[SourceTitle "EXT 2014"]
[Source "ChessBase"]
[SourceDate "2013.11.20"]
[SourceVersion "1"]
[SourceVersionDate "2013.11.20"]
[SourceQuality "1"]

1. Nf3 d5 2. d4 Nc6 3. Bf4 Bf5 4. e3 Nf6 5. c3 e6 6. Nbd2 Bd6 7. Bg3 0-0 8. Be2 Re8 9. Ne5 Nd7 10. Ndf3 f6 11. Nxd7 Qxd7 12. 0-0 Bxg3 13. hxg3 e5 14. Rc1 Bg4 15. Re1 e4 16. Nh2 Bxe2 17. Qxe2 Ne7 1/2-1/2

[Event "Luxembourg-chT 1112"]
[Site "Luxembourg"]
[Date "2012.03.03"]
[Round "10"]
[White "Aghabekian, Liana"]
[Black "Meisch, Tanguy"]
[Result "1-0"]
[WhiteElo "2174"]
[BlackElo "1776"]
[PlyCount "53"]
[EventDate "2011.10.??"]
[EventType "team-tourn"]
[EventRounds "10"]
[EventCountry "LUX"]
[SourceTitle "EXT 2017"]
[Source "ChessBase"]
[SourceDate "2016.10.25"]
[SourceVersion "1"]
[SourceVersionDate "2016.10.25"]
[SourceQuality "1"]

1. e4 e6 2. d4 d5 3. Nc3 Nf6 4. Bg5 Bb4 5. e5 h6 6. Bd2 Bxc3 7. bxc3 Ne4 8. Qg4 Kf8 9. Nf3 c5 10. Qf4 Nc6 11. Bd3 Nxd2 12. Qxd2 Qc7 13. 0-0 b6 14. Qe3 cxd4 15. cxd4 Nb4 16. Nd2 Ba6 17. Bxa6 Nxa6 18. Qa3+ Nc5 19. dxc5 bxc5 20. Rab1 Kg8 21. Nf3 Kh7 22. Rb5 c4 23. Rfb1 Rhb8 24. Qb4 Rb6 25. a4 Rab8 26. h3 a6 27. Rxb6 1-0

[Event "Luxembourg-chT 1112"]
[Site "Luxembourg"]
[Date "2012.02.10"]
[Round "5"]
[White "Braas, Patrick"]
[Black "Meisch, Tanguy"]
[Result "0-1"]
[WhiteElo "1962"]
[BlackElo "1776"]
[PlyCount "86"]
[EventDate "2011.10.??"]
[EventType "team-tourn"]
[EventRounds "10"]
[EventCountry "LUX"]
[SourceTitle "EXT 2017"]
[Source "ChessBase"]
[SourceDate "2016.10.25"]
[SourceVersion "1"]
[SourceVersionDate "2016.10.25"]
[SourceQuality "1"]

1. e4 e6 2. d4 d5 3. Nd2 c5 4. exd5 exd5 5. Ngf3 Nc6 6. Bb5 a6 7. Bxc6+ bxc6 8. 0-0 Bd6 9. Re1+ Ne7 10. dxc5 Bxc5 11. Nb3 Bd6 12. Bg5 0-0 13. Nfd4 f6 14. Bh4 Nf5 15. Nxf5 Bxf5 16. Nd4 Qd7 17. Bg3 Bxg3 18. hxg3 Rab8 19. b3 Rfe8 20. Qd2 Re5 21. Qf4 Rbe8 22. Rxe5 Rxe5 23. Nxf5 Qxf5 24. Qxf5 Rxf5 25. Re1 Re5 26. Kf1 Kf7 27. Rxe5 fxe5 28. Ke2 Ke6 29. Kd3 c5 30. f3 Kd6 31. c3 a5 32. a3 Kc6 33. c4 d4 34. Ke4 a4 35. bxa4 Kb6 36. f4 exf4 37. gxf4 Ka5 38. g4 Kxa4 39. f5 h6 40. Ke5 d3 41. Ke6 d2 42. Kf7 d1Q 43. Kxg7 Qxg4+ 0-1

[Event "EU Union-ch op U14/16"]
[Site "Mureck"]
[Date "2011.08.09"]
[Round "7"]
[White "Skuhala, Jernej"]
[Black "Meisch, Tanguy"]
[Result "1-0"]
[WhiteElo "1773"]
[BlackElo "1682"]
[PlyCount "91"]
[EventDate "2011.08.03"]
[EventType "swiss"]
[EventRounds "9"]
[EventCountry "AUT"]
[SourceTitle "CBM 144 Extra"]
[Source "ChessBase"]
[SourceDate "2011.10.28"]
[SourceVersion "1"]
[SourceVersionDate "2011.10.28"]
[SourceQuality "1"]

1. e4 e6 2. d4 d5 3. e5 c5 4. c3 Qb6 5. a3 Bd7 6. Nf3 Bb5 7. Bxb5+ Qxb5 8. b4 cxd4 9. cxd4 Nc6 10. Nc3 Qc4 11. Bb2 Rc8 12. Rc1 Nh6 13. b5 Na5 14. Nxd5 Qxd5 15. Rxc8+ Kd7 16. Qc2 Bb4+ 17. axb4 Rxc8 18. Qxh7 Qxb5 19. bxa5 Qb4+ 20. Kf1 Qb5+ 21. Kg1 Qxb2 22. h3 Rc2 23. Qxg7 Rxf2 24. d5 exd5 25. e6+ Ke7 26. Qg5+ f6 27. Qg7+ Kxe6 28. Ng5+ Kd6 29. Ne4+ dxe4 30. Qg3+ Ke6 31. Qxf2 Qa1+ 32. Kh2 Qxa5 33. Rb1 Qe5+ 34. Kh1 e3 35. Qa2+ Qd5 36. Qxa7 Nf5 37. Qb6+ Qc6 38. Qa7 Qa6 39. Rb6+ Kd5 40. Rxa6 bxa6 41. Qxa6 e2 42. Qa5+ Ke4 43. Kg1 Ke3 44. Qc3+ Ke4 45. Kf2 Nd4 46. h4 1-0

[Event "EU Union-ch U14 8th"]
[Site "Mureck"]
[Date "2010.08.12"]
[Round "9"]
[White "Meisch, Tanguy"]
[Black "Franca, Veronika"]
[Result "1/2-1/2"]
[WhiteElo "1648"]
[BlackElo "1752"]
[PlyCount "82"]
[EventDate "2010.08.04"]
[EventType "swiss"]
[EventRounds "9"]
[EventCountry "AUT"]
[SourceTitle "CBM 138 Extra"]
[Source "ChessBase"]
[SourceDate "2010.10.29"]
[SourceVersion "1"]
[SourceVersionDate "2010.10.29"]
[SourceQuality "1"]

1. e4 c5 2. c3 d5 3. exd5 Qxd5 4. d4 e6 5. Nf3 Nf6 6. Na3 cxd4 7. cxd4 Be7 8. Nb5 Qd8 9. Bf4 Nd5 10. Bxb8 Qa5+ 11. Nd2 Rxb8 12. Bc4 a6 13. Bxd5 Qxb5 14. Bb3 0-0 15. Qe2 Qd7 16. Qe4 Bb4 17. 0-0-0 b5 18. Bc2 g6 19. Nf3 Bb7 20. Qe3 Bxf3 21. Qxf3 Rfd8 22. Rd3 Rbc8 23. Kb1 Qc6 24. Qxc6 Rxc6 25. a3 Ba5 26. Rhd1 Rcd6 27. Bb3 Bb6 28. f3 Rxd4 29. Rxd4 Rxd4 30. Rxd4 Bxd4 31. a4 bxa4 32. Bxa4 Kg7 33. Kc2 Bc5 34. Kd3 a5 35. b3 g5 36. g4 h6 37. h3 Kg6 38. Be8 Kf6 39. Ke4 Ke7 40. Bb5 Bd6 41. Bc4 Bc7 1/2-1/2

[Event "EU Union-ch U14 8th"]
[Site "Mureck"]
[Date "2010.08.04"]
[Round "1"]
[White "Meisch, Tanguy"]
[Black "Stahnecker, Ludwig"]
[Result "0-1"]
[WhiteElo "1648"]
[BlackElo "2002"]
[PlyCount "74"]
[EventDate "2010.08.04"]
[EventType "swiss"]
[EventRounds "9"]
[EventCountry "AUT"]
[SourceTitle "CBM 138 Extra"]
[Source "ChessBase"]
[SourceDate "2010.10.29"]
[SourceVersion "1"]
[SourceVersionDate "2010.10.29"]
[SourceQuality "1"]

1. e4 c5 2. c3 Nf6 3. e5 Nd5 4. d4 cxd4 5. Nf3 e6 6. Bc4 Nb6 7. Bb3 d6 8. cxd4 Nc6 9. 0-0 Be7 10. Nc3 0-0 11. Ne4 f5 12. exf6 Bxf6 13. d5 Ne5 14. dxe6 Nxf3+ 15. Qxf3 Be7 16. Qg3 d5 17. Bh6 Bf6 18. Bg5 Bxg5 19. Nxg5 h6 20. Nf7 Qf6 21. e7 Re8 22. Nd6 Rxe7 23. Rac1 Be6 24. Rce1 Rd8 25. Re2 Red7 26. Nb5 Bf7 27. Rfe1 d4 28. Bxf7+ Qxf7 29. Nxa7 d3 30. Rd2 Nc4 31. Rdd1 d2 32. Rf1 Nxb2 33. Nb5 Nxd1 34. Rxd1 Qc4 35. Qb3 Rc8 36. Qxc4+ Rxc4 37. Kf1 Re7 0-1

[Event "Rheinland Pfalz op 2nd"]
[Site "Schweich"]
[Date "2010.07.17"]
[Round "4"]
[White "Meisch, Tanguy"]
[Black "Kappes, Dieter"]
[Result "1/2-1/2"]
[WhiteElo "1648"]
[BlackElo "2026"]
[PlyCount "53"]
[EventDate "2010.07.16"]
[EventType "swiss"]
[EventRounds "7"]
[EventCountry "GER"]
[SourceTitle "EXT 2012"]
[Source "ChessBase"]
[SourceDate "2011.11.24"]
[SourceVersion "1"]
[SourceVersionDate "2011.11.24"]
[SourceQuality "1"]

1. e4 c5 2. c3 Nf6 3. e5 Nd5 4. d4 cxd4 5. Nf3 e6 6. cxd4 Nc6 7. Bc4 Nb6 8. Bb3 d6 9. Bg5 Be7 10. Bxe7 Qxe7 11. 0-0 0-0 12. Nc3 dxe5 13. dxe5 Rd8 14. Qe2 Bd7 15. Nb5 Be8 16. Rfd1 Na5 17. Nfd4 Nxb3 18. Nxb3 Bxb5 19. Qxb5 Rxd1+ 20. Rxd1 Rd8 21. Rxd8+ Qxd8 22. h3 Qd7 23. Qxd7 Nxd7 24. f4 f6 25. exf6 gxf6 26. Kf2 Kf7 27. g4 1/2-1/2